Estudio de señalización vial para la carretera León – Chinandega Nic 12.
En el presente trabajo se pretende destacar la importancia de la señalización vial como un elemento que ayuda a mejorar el desempeño del manejo de los conductores y usuarios en la carretera, al sentirse mejor informados, prevenidos y suficientemente alertados acerca de lo que es permitido así co...
| Main Authors: | , , |
|---|---|
| Other Authors: | |
| Format: | Tesis Section = Libro |
| Language: | Undetermined Spanish |
| Published: |
Managua
UNI
2011
|
| Subjects: |
| LEADER | 01241nam a2200277Ia 4500 | ||
|---|---|---|---|
| 008 | 240830s9999 xx 000 0 und d | ||
| 040 | |a BIBLIOTECA-RUPAP Mon 388.3122 A668 | ||
| 041 | |a spa | ||
| 082 | |a Mon 388.3122 A668 | ||
| 100 | 1 | |a Arce García, Bayardo Antonio | |
| 100 | 1 | |b Lottz Torrez, Cindy Lissett | |
| 100 | 1 | |c Martínez Torres, Cristhian Antonio | |
| 245 | 1 | 0 | |a Estudio de señalización vial para la carretera León – Chinandega Nic 12. |
| 260 | |a Managua |b UNI |c 2011 | ||
| 300 | |a 315 p. :il. | ||
| 500 | |a Contiene: anexos. | ||
| 502 | |a Tesis (Ingeniero Civil)- UNI, 2011. | ||
| 520 | 3 | |a En el presente trabajo se pretende destacar la importancia de la señalización vial como un elemento que ayuda a mejorar el desempeño del manejo de los conductores y usuarios en la carretera, al sentirse mejor informados, prevenidos y suficientemente alertados acerca de lo que es permitido así como de lo que no es legal hacer al momento de compartir la vía con otros usuarios. | |
| 650 | 7 | |a SEÑALES DE TRAFICO | |
| 650 | 7 | |b SEÑALES DE TRANSITO | |
| 650 | 7 | |c SEGURIDAD VIAL | |
| 650 | 7 | |d CONTROL DE TRAFICO | |
| 700 | 1 | |a Tutor: |b Calvo Rojas, Lucas Bernardo | |
| 942 | |c BK |2 ddc | ||
| 991 | |a TESIS | ||
| 999 | |c 15597 | ||